000 00715nam a2200217Ia 4500
003 IN-BaIIA
008 211028s9999 xx 000 0 eng d
020 _a0-85-274-282-7
040 _cIIA Library
080 _a533
_bMAN
100 _aManheimer, W. M.
_916622
245 0 _aMHD and microinstabilities in confined plasma
_c W. M. Manheimer and C. N. Lashmore-Davies
260 _aBristol
_bAdam Hilger
_c1989
300 _ax, 294p.
490 _aThe Adam Hilger series on plasma physics
650 _aAstronomy and astrophysics thesaurus
650 _aMagnetohydrodynamics
_91666
650 _aPlasmas
_91898
700 _aLashmore-Davies, C. N
_916623
942 _cBK
999 _c9813
_d9813